<?xml version="1.0" encoding="utf-8"?>
<?xml-stylesheet type='text/xsl' href='./oai2.xsl'?>
<OAI-PMH xmlns="http://www.openarchives.org/OAI/2.0/" xmlns:xsi="http://www.w3.org/2001/XMLSchema-instance" xsi:schemaLocation="http://www.openarchives.org/OAI/2.0/ http://www.openarchives.org/OAI/2.0/OAI-PMH.xsd">
  <responseDate>2026-06-04T17:03:11Z</responseDate>
  <request verb="GetRecord" metadataPrefix="marcxml" identifier="record_kuniweb_29609">https://kulturerbe.niedersachsen.de/oai</request>
  <GetRecord>
    <record>
      <header>
        <identifier>record_kuniweb_29609</identifier>
        <datestamp>2021-03-24T08:59:20Z</datestamp>
        <setSpec>slg0112</setSpec>
      </header>
      <metadata>
        <marc:record xmlns:marc="http://www.loc.gov/MARC21/slim" xsi:schemaLocation="http://www.loc.gov/MARC21/slim http://www.loc.gov/standards/marcxml/schema/MARC21slim.xsd">
          <marc:leader>12345nrm  22     uu 4500</marc:leader>
          <marc:controlfield tag="001">29609</marc:controlfield>
          <marc:controlfield tag="003">http://kuniweb.gbv.de</marc:controlfield>
          <marc:controlfield tag="005">2014-10-24T11:27:10</marc:controlfield>
          <marc:controlfield tag="008">|           ||||||||||||||||||||||</marc:controlfield>
          <marc:datafield tag="245" ind1="1" ind2="0">
            <marc:subfield code="a">Putte</marc:subfield>
          </marc:datafield>
          <marc:datafield tag="655" ind1=" " ind2="7">
            <marc:subfield code="a">Alltagskultur</marc:subfield>
          </marc:datafield>
          <marc:datafield tag="046" ind1=" " ind2=" ">
            <marc:subfield code="k">1600</marc:subfield>
            <marc:subfield code="k">1600 (geschätzt) - 1680 (geschätzt)</marc:subfield>
            <marc:subfield code="l">1680</marc:subfield>
          </marc:datafield>
          <marc:datafield tag="260" ind1=" " ind2=" ">
            <marc:subfield code="g">1600</marc:subfield>
            <marc:subfield code="g">1680</marc:subfield>
            <marc:subfield code="g">1600 (geschätzt) - 1680 (geschätzt)</marc:subfield>
          </marc:datafield>
          <marc:datafield tag="300" ind1=" " ind2=" ">
            <marc:subfield code="a">Breite: 12 cm
Höhe: 12,2 cm
Gewicht: 235 g
Länge: 10 cm (Tiefe/Länge)</marc:subfield>
          </marc:datafield>
          <marc:datafield tag="520" ind1=" " ind2=" ">
            <marc:subfield code="a">Putte, geschnitzter Holzkopf: Schwarze lockige Haare, Augen und Augenbrauen sind ebenfalls schwarz, die Farbe ist stellenweise leicht verwischt. Von der Nasenspitze ist die Farbe abgeplatzt. Geschwungener Mund mit rot gefärbten Lippen. Am Kinn, am Hals und am Kragen sind weitere Abplatzspuren festzustellen (am Hals und am Kragen stärker als am Kinn).  Der Kragen ist schwarz, am Haaransatz sieht man Verwischungsspuren von schwarzer Farbe. Aus dem Hinterkopf ragt ein kleiner rostiger Nagel hervor. Unterhalb des Hinterkopfes ist etwas Holz abgesplittert. Mit schwarzer Farbe ist dort die Altinventar-Nummer "447" aufgetragen. Im unteren Bereich des Kopfes befindet sich ein durchgehendes Loch. Auf der Hinterseite befindet sich links neben dem Loch in weißer Farbe die Nummer des Mittelalten Inventars, "190". (Oberharzer Bergwerksmuseum)</marc:subfield>
          </marc:datafield>
          <marc:datafield tag="650" ind1="1" ind2=" ">
            <marc:subfield code="a">Putto</marc:subfield>
          </marc:datafield>
          <marc:datafield tag="650" ind1="1" ind2=" ">
            <marc:subfield code="a">Dreidimensionale Bildwerke</marc:subfield>
          </marc:datafield>
          <marc:datafield tag="773" ind1="0" ind2=" ">
            <marc:subfield code="t">Allgemeine Sammlung</marc:subfield>
          </marc:datafield>
          <marc:datafield tag="852" ind1=" " ind2=" ">
            <marc:subfield code="a">Oberharzer Bergwerksmuseum</marc:subfield>
          </marc:datafield>
          <marc:datafield tag="" ind1=" " ind2=" ">
            <marc:subfield code="a">Namensnennung - Weitergabe unter gleichen Bedingungen 4.0 International (CC BY-SA 4.0)</marc:subfield>
          </marc:datafield>
        </marc:record>
      </metadata>
    </record>
  </GetRecord>
</OAI-PMH>
